[Event "4NCL/Div3/E2E43 vs. HACK"]
[Site "Daventry ENG"]
[Date "2010.03.27"]
[Round "7.3"]
[White "Booley, Graham M"]
[Black "Shaw, Dashiell L"]
[Result "1/2-1/2"]
[WhiteElo "1906"]
[BlackElo "1899"]
[PlyCount "119"]
[EventDate "2010.03.27"]
[SourceDate "2009.10.24"]

1. e4 c5 2. Nc3 Nc6 3. g3 g6 4. Bg2 Bg7 5. d3 e6 6. Be3 d6 7. Nge2 Rb8 8. O-O
b5 9. Qd2 Nge7 10. Bh6 O-O 11. h4 Nd4 12. Nxd4 cxd4 13. Bxg7 Kxg7 14. Ne2 e5
15. c3 dxc3 16. bxc3 d5 17. f4 dxe4 18. fxe5 Qxd3 19. Qf4 Nd5 20. Qxe4 Qxe4 21.
Bxe4 Ne3 22. Rf4 Nc4 23. Nd4 Nxe5 24. Rb1 Bd7 25. Rb3 a6 26. Bd5 Nd3 27. Rf3
Nc5 28. Rb2 Be6 29. Bxe6 Nxe6 30. Nc6 Rb6 31. Ne5 Rd6 32. Rbf2 f6 33. Nd3 Nc7
34. g4 Rfd8 35. Nc5 Rc6 36. Ne4 Ne8 37. g5 f5 38. Nd2 Kf7 39. Re2 Re6 40. Rxe6
Kxe6 41. Nb3 Rc8 42. Re3+ Kf7 43. Nd4 Rc4 44. Ne6 Rc8 45. Nd4 Rd8 46. Nc6 Rd6
47. Ne5+ Kf8 48. Nf3 Nc7 49. Nd4 Kf7 50. Re5 Ne6 51. Nxe6 Rxe6 52. Rc5 Re7 53.
Rc6 Ra7 54. Kf2 a5 55. a3 Rb7 56. Ra6 a4 57. Rc6 Ke7 58. Ke3 Kd7 59. Rf6 Rc7
60. Kd3 1/2-1/2

[Event "4NCL/Div3/E2E43 vs. HACK"]
[Site "Daventry ENG"]
[Date "2010.03.27"]
[Round "7.4"]
[White "Vives, Pepe"]
[Black "Farthing, Andrew P"]
[Result "1-0"]
[WhiteElo "1938"]
[BlackElo "1818"]
[PlyCount "99"]
[EventDate "2010.03.27"]
[SourceDate "2009.10.24"]

1. e4 c5 2. Nf3 a6 3. c3 d5 4. e5 Bg4 5. Qa4+ Qd7 6. Qf4 Bxf3 7. Qxf3 Nc6 8.
Qg3 Nh6 9. f4 Nf5 10. Qh3 e6 11. Bd3 g6 12. O-O c4 13. Bxf5 gxf5 14. d3 cxd3
15. Qxd3 Bc5+ 16. Be3 Bxe3+ 17. Qxe3 Ne7 18. Nd2 Rc8 19. Nf3 Nc6 20. a4 Na5 21.
Nd4 Qc7 22. Rfc1 Qb6 23. Qf2 Nb3 24. Nxb3 Qxb3 25. Ra3 Qc4 26. b3 Qc5 27. Qxc5
Rxc5 28. Kf2 O-O 29. Ke3 Rfc8 30. Kd4 Kg7 31. a5 f6 32. Ra4 fxe5+ 33. fxe5 R5c6
34. Rb4 R8c7 35. c4 Kg6 36. Rc3 Rd7 37. c5 Rdc7 38. Ra4 f4 39. Ra2 Rf7 40. Rf2
Rf5 41. Rcf3 Kg7 42. Rxf4 Rxf4+ 43. Rxf4 Kg8 44. Rf6 Kg7 45. g4 Kg8 46. h4 Kg7
47. g5 Kg8 48. h5 Kg7 49. b4 Kg8 50. h6 1-0

[Event "4NCL/Div3/E2E43 vs. HACK"]
[Site "Daventry ENG"]
[Date "2010.03.27"]
[Round "7.5"]
[White "Homer, Neil S"]
[Black "Burgoyne, Peter A"]
[Result "0-1"]
[WhiteElo "1675"]
[BlackElo "1882"]
[PlyCount "72"]
[EventDate "2010.03.27"]
[SourceDate "2009.10.24"]

1. Nf3 c5 2. c4 g6 3. Nc3 Bg7 4. d4 cxd4 5. Nxd4 Nf6 6. e4 d6 7. Be2 Nc6 8. Be3
O-O 9. O-O Bd7 10. f3 Nh5 11. Nxc6 bxc6 12. Qd2 Qa5 13. a3 Be6 14. b4 Qc7 15.
Rac1 Qb7 16. c5 Rfd8 17. cxd6 exd6 18. Rfd1 Rac8 19. Kh1 Bb3 20. Rf1 d5 21.
exd5 cxd5 22. Nb5 Bc4 23. Nd4 Qe7 24. Bg5 f6 25. Bh4 g5 26. Bf2 Nf4 27. Bxc4
dxc4 28. Qa2 Nd3 29. Nf5 Qe6 30. Nxg7 Kxg7 31. Rcd1 Re8 32. Rxd3 cxd3 33. Qxe6
Rxe6 34. Rd1 Re2 35. Bxa7 d2 36. Bg1 Rc1 0-1

[Event "4NCL/Div3/E2E43 vs. HACK"]
[Site "Daventry ENG"]
[Date "2010.03.27"]
[Round "7.6"]
[White "Donnelly, Terence M"]
[Black "Harrison, Peter K"]
[Result "0-1"]
[WhiteElo "1922"]
[BlackElo "1651"]
[PlyCount "84"]
[EventDate "2010.03.27"]
[SourceDate "2009.10.24"]

1. d4 Nf6 2. Bg5 Ne4 3. Bf4 d5 4. f3 Nd6 5. Nc3 e6 6. e4 c6 7. Qd2 h6 8. Be3 a5
9. Bd3 b5 10. e5 Nc4 11. Bxc4 bxc4 12. f4 Na6 13. Nf3 Rb8 14. Rb1 Bb4 15. O-O
c5 16. a3 cxd4 17. Nxd4 Bxc3 18. Qxc3 Qc7 19. f5 Nc5 20. fxe6 Bxe6 21. Nxe6
Nxe6 22. Kh1 O-O 23. Bd4 Rb5 24. Qe3 Rfb8 25. Bc3 a4 26. Rfd1 Qc6 27. h3 Nc5
28. Qf4 Ne6 29. Qf3 Qb7 30. Bb4 d4 31. Qg3 Qe4 32. b3 axb3 33. cxb3 c3 34. Rbc1
Rxb4 35. axb4 Rxb4 36. Re1 Qd5 37. Qd3 Rxb3 38. Red1 Nf4 39. Qf3 Qxf3 40. gxf3
d3 41. Kh2 Rb2+ 42. Kh1 c2 0-1

[Event "4NCL/Div3/AMCAH vs. BAB"]
[Site "Daventry ENG"]
[Date "2010.03.27"]
[Round "7.1"]
[White "Jeffries, Majid"]
[Black "Davies, Matthew"]
[Result "1-0"]
[WhiteElo "1995"]
[BlackElo "1956"]
[PlyCount "118"]
[EventDate "2010.03.27"]
[SourceDate "2009.10.24"]

1. f4 d5 2. Nf3 Nf6 3. e3 g6 4. b3 Bg7 5. Bb2 c5 6. Bb5+ Bd7 7. Be2 O-O 8. O-O
Nc6 9. d3 b6 10. Ne5 Ne8 11. Bf3 e6 12. Nd2 Qc7 13. d4 Nd6 14. Qe2 Rae8 15. a4
f6 16. Nxd7 Qxd7 17. dxc5 bxc5 18. Ba3 Nb4 19. Rfc1 Nb7 20. c3 Nc6 21. Qd3 Rd8
22. Rd1 Qc7 23. Qb5 Rfe8 24. g3 Rb8 25. Qd3 Rbd8 26. Rac1 Bf8 27. Bb2 Qb6 28.
Rb1 Nba5 29. Ba1 Bg7 30. Kg2 Nb7 31. h4 Nd6 32. h5 f5 33. hxg6 hxg6 34. Rh1 Ne4
35. Rhd1 Kf7 36. Nf1 Qc7 37. Bxe4 fxe4 38. Qe2 Rh8 39. Nh2 Rdg8 40. Rf1 Rh7 41.
Ng4 Ke7 42. Bb2 Kd8 43. c4 Bxb2 44. cxd5 exd5 45. Qxb2 Qd7 46. f5 Rgh8 47. Qf6+
Ne7 48. fxg6 Rh2+ 49. Nxh2 Qh3+ 50. Kf2 Qxh2+ 51. Ke1 Qxg3+ 52. Qf2 Qxg6 53.
Qf4 Qb6 54. Qe5 Rg8 55. Rf7 Re8 56. Rc1 c4 57. Kf2 Qb4 58. Rd1 Qc5 59. Rxe7
Rxe7 1-0

[Event "4NCL/Div3/AMCAH vs. BAB"]
[Site "Daventry ENG"]
[Date "2010.03.27"]
[Round "7.2"]
[White "Corcoran, Gary"]
[Black "Andreev, Peter"]
[Result "0-1"]
[WhiteElo "1866"]
[BlackElo "1846"]
[Annotator ",Claire"]
[PlyCount "53"]
[EventDate "2010.03.27"]
[SourceDate "2009.10.24"]

1. e4 c5 2. d4 cxd4 3. c3 Nf6 4. e5 Nd5 5. Qxd4 e6 6. Nf3 Nc6 7. Qe4 d6 8. Bb5
Bd7 9. c4 Nb6 10. Bg5 Be7 11. Bxe7 Qxe7 12. Nc3 O-O 13. exd6 Qxd6 14. O-O a6
15. Ng5 f5 16. Qh4 h6 17. Rad1 hxg5 18. Qxg5 Qc7 19. c5 Nc8 20. Ba4 N8e7 21.
Rd3 Rf6 22. Rfd1 Rd8 23. Rh3 Rg6 24. Qe3 Nb4 25. Bb3 Bc6 26. f3 Nbd5 27. Qd4 {
scoresheets illegible} 0-1

[Event "4NCL/Div3/AMCAH vs. BAB"]
[Site "Daventry ENG"]
[Date "2010.03.27"]
[Round "7.3"]
[White "Cresswell, Mike J"]
[Black "Bridges, Paul L"]
[Result "1/2-1/2"]
[WhiteElo "1858"]
[BlackElo "1883"]
[PlyCount "31"]
[EventDate "2010.03.27"]
[SourceDate "2009.10.24"]

1. e4 c5 2. Nf3 e6 3. d4 cxd4 4. Nxd4 Nc6 5. Nf3 Qc7 6. Bd3 Nf6 7. O-O Be7 8.
Nc3 a6 9. Re1 d6 10. h3 b5 11. a3 Bb7 12. Nh2 e5 13. Ng4 O-O 14. Nxf6+ Bxf6 15.
Nd5 Qd8 16. Nxf6+ 1/2-1/2

[Event "4NCL/Div3/AMCAH vs. BAB"]
[Site "Daventry ENG"]
[Date "2010.03.27"]
[Round "7.4"]
[White "Foster, William E"]
[Black "Malhotra, Tarun"]
[Result "0-1"]
[WhiteElo "1800"]
[BlackElo "1801"]
[PlyCount "60"]
[EventDate "2010.03.27"]
[SourceDate "2009.10.24"]

1. c4 Nf6 2. Nc3 g6 3. e4 d6 4. g3 Bg7 5. Bg2 e5 6. Nge2 Be6 7. d3 Nbd7 8. O-O
O-O 9. h3 c6 10. Kh2 Ne8 11. f4 f5 12. Rb1 Nc7 13. b3 Nb6 14. Ba3 exf4 15. gxf4
Rf7 16. c5 dxc5 17. Bxc5 Rd7 18. Rf3 fxe4 19. Nxe4 Bf5 20. N2g3 Ne6 21. Qf1 Nd5
22. Ba3 Nd4 23. Rf2 Ne3 24. Qe1 Ndc2 25. Qc1 Nxa3 26. Qxa3 Rxd3 27. Nxf5 gxf5
28. Ng5 h6 29. Ne6 Qh4 30. Re2 Nxg2 0-1

[Event "4NCL/Div3/AMCAH vs. BAB"]
[Site "Daventry ENG"]
[Date "2010.03.27"]
[Round "7.5"]
[White "Meechan, Catriona"]
[Black "Jones, Jeremy J"]
[Result "0-1"]
[WhiteElo "1738"]
[BlackElo "1620"]
[PlyCount "44"]
[EventDate "2010.03.27"]
[SourceDate "2009.10.24"]

1. Nf3 Nf6 2. g3 d5 3. d4 c6 4. Bg2 g6 5. O-O Bg7 6. Nbd2 O-O 7. Re1 Re8 8. c3
Nbd7 9. Ne5 Nxe5 10. dxe5 Ng4 11. f4 Qb6+ 12. e3 Nxe3 13. Rxe3 Qxe3+ 14. Kf1
Qd3+ 15. Qe2 Qxe2+ 16. Kxe2 f6 17. Nf3 Bg4 18. Be3 fxe5 19. fxe5 Bxe5 20. h3
Bxf3+ 21. Kxf3 Rf8+ 22. Kg4 h5+ 0-1

[Event "4NCL/Div3/AMCAH vs. BAB"]
[Site "Daventry ENG"]
[Date "2010.03.27"]
[Round "7.6"]
[White "Smith, Steve"]
[Black "Dixit, Kumar"]
[Result "1-0"]
[WhiteElo "1542"]
[BlackElo "1450"]
[PlyCount "89"]
[EventDate "2010.03.27"]
[SourceDate "2009.10.24"]

1. e4 c6 2. d4 d5 3. exd5 cxd5 4. c4 Nf6 5. Nc3 Nc6 6. Nf3 Bg4 7. cxd5 Nxd5 8.
Qb3 Bxf3 9. gxf3 e6 10. Qxb7 Nxd4 11. Bb5+ Nxb5 12. Qc6+ Ke7 13. Qxb5 Qd7 14.
Nxd5+ Qxd5 15. Qxd5 exd5 16. Be3 Ke6 17. O-O-O Be7 18. Rhe1 Rhc8+ 19. Kb1 Kd6
20. Bf4+ Kd7 21. Rxd5+ Kc6 22. Rd3 Bf6 23. Rc1+ Kb5 24. Rb3+ Ka6 25. Rd1 Rd8
26. Rbd3 Rxd3 27. Rxd3 Rd8 28. Rxd8 Bxd8 29. Kc2 Bb6 30. Be3 Bc7 31. h3 f5 32.
Kd3 Bd8 33. Kc4 h5 34. f4 g6 35. Kd5 Bf6 36. Bd4 Bh4 37. Be3 Bf6 38. b3 Kb5 39.
Bxa7 g5 40. fxg5 Bxg5 41. Ke5 h4 42. Kxf5 Be7 43. Bd4 Kb4 44. Bb2 Bc5 45. f4
1-0

[Event "4NCL/Div3/KJCAN vs. SCS"]
[Site "Daventry ENG"]
[Date "2010.03.27"]
[Round "7.1"]
[White "Clanchy, Nicholas"]
[Black "Heard, Andrew H"]
[Result "0-1"]
[WhiteElo "1858"]
[BlackElo "1874"]
[PlyCount "68"]
[EventDate "2010.03.27"]
[SourceDate "2009.10.24"]

1. g3 f5 2. Bg2 Nf6 3. Nf3 e6 4. O-O d5 5. d4 Bd6 6. c4 c6 7. Nbd2 Nbd7 8. b3
O-O 9. Bb2 Ne4 10. e3 Qe8 11. Nxe4 fxe4 12. Ng5 Rf5 13. f4 exf3 14. Nxf3 Nf6
15. Nd2 e5 16. Rxf5 Bxf5 17. Qf1 Qh5 18. Bf3 Bg4 19. Qe2 e4 20. Bxg4 Nxg4 21.
Rf1 Qg5 22. Bc1 Re8 23. Nb1 Re6 24. Kg2 Nxh2 25. Rf4 Bxf4 26. exf4 Qg4 27. Qxg4
Nxg4 28. Nc3 Rh6 29. cxd5 Rh2+ 30. Kg1 Rc2 31. d6 Rxc1+ 32. Kg2 Kf7 33. Nxe4
Ke6 34. f5+ Kd7 0-1

[Event "4NCL/Div3/KJCAN vs. SCS"]
[Site "Daventry ENG"]
[Date "2010.03.27"]
[Round "7.3"]
[White "Kalid, Raphael"]
[Black "Clarke, Sean A"]
[Result "1-0"]
[WhiteElo "1786"]
[BlackElo "1786"]
[PlyCount "143"]
[EventDate "2010.03.27"]
[SourceDate "2009.10.24"]

1. e4 c5 2. Nc3 Nc6 3. f4 g6 4. Nf3 Bg7 5. Bc4 e6 6. O-O a6 7. d3 Nd4 8. f5 b5
9. Bb3 Bb7 10. Nxd4 Bxd4+ 11. Kh1 Qc7 12. Bf4 Be5 13. fxe6 fxe6 14. Qf3 O-O-O
15. Bg5 h6 16. Bxd8 Qxd8 17. Qf8 Nf6 18. Qxc5+ Qc7 19. Qxc7+ Kxc7 20. Rae1 Bd4
21. Nd1 Nh5 22. c3 Bb6 23. Rf7 e5 24. g3 Kd6 25. Ne3 Bd8 26. Ref1 Rg8 27. Rxd7+
Kxd7 28. Bxg8 Nf6 29. Bd5 Bc8 30. Bf7 g5 31. Bg6 Bb7 32. Bf5+ Kd6 33. Kg2 h5
34. Rc1 Bb6 35. Nf1 Ne8 36. Nd2 Be3 37. Rd1 Ng7 38. Bh7 Bc8 39. h3 h4 40. gxh4
gxh4 41. Nf3 Ne6 42. Bf5 Nf4+ 43. Kh2 Bxf5 44. exf5 Bf2 45. Ng5 Bg3+ 46. Kh1
Ke7 47. d4 Kf6 48. Ne4+ Kxf5 49. Nxg3+ hxg3 50. dxe5 Kxe5 51. Rd8 Nxh3 52. Kg2
Ng5 53. Kxg3 Ne4+ 54. Kf3 Nc5 55. b3 Ke6 56. Ke3 Ke7 57. Rd5 Ne6 58. Ke4 Nc7
59. Rd2 Ke6 60. Rd1 Ne8 61. Kd4 Kd6 62. a3 Nc7 63. b4 Ne6+ 64. Ke4+ Kc6 65. Ke5
Nc7 66. Rd6+ Kb7 67. Kd4 Ne8 68. Rh6 Nc7 69. Kc5 Ka7 70. Kc6 Na8 71. Rh7+ Kb8
72. Rf7 1-0

[Event "4NCL/Div3/KJCAN vs. SCS"]
[Site "Daventry ENG"]
[Date "2010.03.27"]
[Round "7.4"]
[White "Lutton, J Arnold"]
[Black "Reddiar, Gautham"]
[Result "1-0"]
[WhiteElo "1823"]
[BlackElo "1746"]
[PlyCount "111"]
[EventDate "2010.03.27"]
[SourceDate "2009.10.24"]

1. e4 e6 2. d4 d5 3. e5 c5 4. Nf3 Nc6 5. Bd3 Qb6 6. O-O cxd4 7. Bf4 Bc5 8. Nbd2
Nge7 9. Nb3 h6 10. Re1 Bd7 11. Bg3 Na5 12. Nxc5 Qxc5 13. a3 Nac6 14. b4 Qb6 15.
Qd2 Rc8 16. Reb1 O-O 17. a4 Rb8 18. a5 Qc7 19. b5 Nd8 20. Nxd4 Rc8 21. f4 Qc3
22. Qxc3 Rxc3 23. Ne2 Rc8 24. Bf2 Ra8 25. Nc3 Ng6 26. g3 Bc8 27. Na4 Re8 28.
Nc5 Nf8 29. a6 bxa6 30. Nxa6 Re7 31. Nc5 Rc7 32. b6 Re7 33. bxa7 Rexa7 34. Rxa7
Rxa7 35. Nxe6 Rd7 36. Nxd8 Rxd8 37. Rb8 Ne6 38. Bb6 Rf8 39. Bb5 g6 40. Kf2 Kg7
41. Ke3 h5 42. Bc6 d4+ 43. Bxd4 Nxd4 44. Kxd4 Bf5 45. Rxf8 Kxf8 46. c4 Ke7 47.
Kc5 f6 48. Bd5 Bd7 49. Kb6 Bc8 50. Kc7 Bf5 51. c5 fxe5 52. fxe5 g5 53. c6 h4
54. Kb7 Bg4 55. c7 Bd7 56. e6 1-0

[Event "4NCL/Div3/KJCAN vs. SCS"]
[Site "Daventry ENG"]
[Date "2010.03.27"]
[Round "7.5"]
[White "Davis, Alexei"]
[Black "Bogoda, Nathasha O"]
[Result "1-0"]
[WhiteElo "1730"]
[BlackElo "1658"]
[PlyCount "73"]
[EventDate "2010.03.27"]
[SourceDate "2009.10.24"]

1. d4 d5 2. Nf3 Nf6 3. e3 e6 4. Bd3 c5 5. b3 Nc6 6. a3 Be7 7. Bb2 O-O 8. O-O
Qc7 9. Ne5 Bd6 10. f4 Qb6 11. Nxc6 Qxc6 12. Nd2 b6 13. Rf3 Ne4 14. Bxe4 dxe4
15. Rg3 g6 16. c4 Re8 17. Qc2 f5 18. Qc3 cxd4 19. exd4 Qd7 20. Rf1 Qc7 21. Qe3
Be7 22. b4 Ba6 23. Rc1 Bd6 24. Rf1 Bxc4 25. Nxc4 Qxc4 26. Rc1 Qd5 27. h4 Rac8
28. Bc3 Qb7 29. h5 Kf7 30. Rh3 Qb8 31. hxg6+ hxg6 32. Rh7+ Kf6 33. d5+ e5 34.
Qh3 Rg8 35. Qh4+ g5 36. Qh6+ Rg6 37. fxg5# 1-0

[Event "4NCL/Div3/KJCAN vs. SCS"]
[Site "Daventry ENG"]
[Date "2010.03.27"]
[Round "7.6"]
[White "Swain, William"]
[Black "Paul, Barnaby J"]
[Result "0-1"]
[WhiteElo "978"]
[BlackElo "1610"]
[PlyCount "74"]
[EventDate "2010.03.27"]
[SourceDate "2009.10.24"]

1. e4 e5 2. Nf3 Nc6 3. Bc4 Bc5 4. Nc3 Nf6 5. d3 h6 6. h3 d6 7. O-O Be6 8. Bxe6
fxe6 9. Bd2 O-O 10. a3 Nd4 11. Nxd4 Bxd4 12. Qe2 Qe8 13. Rab1 Nh5 14. a4 Ng3
15. Qg4 Nxf1 16. Rxf1 Rf6 17. Nb5 Bb6 18. Be3 Qf7 19. Bxb6 axb6 20. b3 Rf8 21.
Qg3 Rg6 22. Qe3 Qe7 23. Qe2 c6 24. Nc3 Qg5 25. g3 d5 26. h4 Qxh4 27. exd5 exd5
28. Qxe5 Rg5 29. Qe6+ Kh8 30. Qd6 Rf6 31. Qb8+ Kh7 32. Ne2 Qg4 33. f3 Rxf3 34.
Re1 Re3 35. Kf2 Qf3+ 36. Kg1 Rh5 37. Rf1 Rh1# 0-1

[Event "4NCL/Div3/GUEM vs. GUI4"]
[Site "Daventry ENG"]
[Date "2010.03.27"]
[Round "7.1"]
[White "Kirby, Peter J"]
[Black "Gibbs, Daniel C"]
[Result "1/2-1/2"]
[WhiteElo "2065"]
[BlackElo "1858"]
[PlyCount "61"]
[EventDate "2010.03.27"]
[SourceDate "2009.10.24"]

1. e4 g6 2. d4 Bg7 3. Nc3 d6 4. Be3 a6 5. Qd2 Nd7 6. a4 b6 7. Bd3 Bb7 8. Nge2
c5 9. Nd1 c4 10. Bxc4 Bxe4 11. O-O Qc7 12. Bb3 Ngf6 13. Bh6 O-O 14. Bxg7 Kxg7
15. Ne3 Bb7 16. Ng3 e6 17. f3 Rad8 18. c3 d5 19. Bc2 Rfe8 20. f4 Ne4 21. Bxe4
dxe4 22. Qe2 f5 23. Qc4 Rc8 24. Qxc7 Rxc7 25. Rfc1 Rd8 26. Ngf1 Nf6 27. Kf2 h6
28. h4 g5 29. g3 gxh4 30. gxh4 Kh7 31. Ng3 1/2-1/2

[Event "4NCL/Div3/GUEM vs. GUI4"]
[Site "Daventry ENG"]
[Date "2010.03.28"]
[Round "7.2"]
[White "Thurlow, Kevin J"]
[Black "Ward, Matthew J"]
[Result "1/2-1/2"]
[WhiteElo "2069"]
[BlackElo "1705"]
[PlyCount "33"]
[EventDate "2010.03.27"]
[SourceDate "2009.10.24"]

1. c4 e5 2. Nc3 Nf6 3. Nf3 Nc6 4. e3 Be7 5. d4 exd4 6. Nxd4 O-O 7. Be2 Ne5 8.
O-O d5 9. cxd5 Nxd5 10. Qb3 Nxc3 11. bxc3 c5 12. Nf3 Ng6 13. Bb2 Bf6 14. Rad1
Qc7 15. c4 Bxb2 16. Qxb2 b6 17. Rd5 1/2-1/2

[Event "4NCL/Div3/GUEM vs. GUI4"]
[Site "Daventry ENG"]
[Date "2010.03.27"]
[Round "7.3"]
[White "Harford, Alun"]
[Black "Jamieson, Ian M"]
[Result "0-1"]
[WhiteElo "1746"]
[BlackElo "2016"]
[PlyCount "42"]
[EventDate "2010.03.27"]
[SourceDate "2009.10.24"]

1. e4 e6 2. d4 d5 3. Nc3 dxe4 4. Nxe4 Nd7 5. Nf3 Be7 6. Bd3 Ngf6 7. c4 c5 8.
O-O cxd4 9. Nxd4 Nc5 10. Nxc5 Qxd4 11. Be3 Qe5 12. b4 O-O 13. Bd4 Qc7 14. f4
Rd8 15. Bxf6 Bxf6 16. Rb1 Bd4+ 17. Kh1 Bxc5 18. bxc5 Bd7 19. Rb3 Ba4 20. Bxh7+
Kf8 21. Rxb7 Rxd1 0-1

[Event "4NCL/Div3/GUEM vs. GUI4"]
[Site "Daventry ENG"]
[Date "2010.03.28"]
[Round "7.4"]
[White "Sathiraju, Vijay"]
[Black "Brookfield, Toby N"]
[Result "1/2-1/2"]
[WhiteElo "1740"]
[BlackElo "1796"]
[PlyCount "69"]
[EventDate "2010.03.27"]
[SourceDate "2009.10.24"]

1. d4 f5 2. Qd3 d5 3. Nf3 Nf6 4. Nbd2 e6 5. c4 c6 6. Ne5 Bd6 7. Ndf3 Nbd7 8.
Nxd7 Bxd7 9. g3 O-O 10. Bf4 Bxf4 11. gxf4 Ne4 12. c5 Be8 13. Nd2 Qh4 14. Qe3 b6
15. Nf3 Qe7 16. Rc1 Bh5 17. Ne5 bxc5 18. dxc5 Qc7 19. Qa3 Rfd8 20. f3 Nf6 21.
Rg1 Rab8 22. Kf2 Rb5 23. e3 Ra5 24. Qc3 Rxa2 25. Bd3 Rb8 26. Rc2 Be8 27. Rb1 a5
28. Re2 a4 29. b4 Rxe2+ 30. Kxe2 Ra8 31. Ra1 Nd7 32. Nxd7 Qxd7 33. Bc2 Qe7 34.
Kf2 Qh4+ 35. Kg2 1/2-1/2

[Event "4NCL/Div3/GUEM vs. GUI4"]
[Site "Daventry ENG"]
[Date "2010.03.27"]
[Round "7.5"]
[White "Carpenter, Paul"]
[Black "Galer, Sebastian E"]
[Result "0-1"]
[WhiteElo "1826"]
[BlackElo "1730"]
[PlyCount "86"]
[EventDate "2010.03.27"]
[SourceDate "2009.10.24"]

1. d4 d5 2. e3 Nf6 3. Bd3 Nbd7 4. f4 c5 5. c3 e6 6. Nd2 b6 7. Nh3 Bb7 8. Nf2
Qc7 9. Qf3 Bd6 10. Ng4 cxd4 11. cxd4 Rc8 12. O-O Nxg4 13. Qxg4 O-O 14. Qh4 f5
15. g4 Qd8 16. g5 Nb8 17. Rf3 Rf7 18. Rh3 g6 19. Nf3 Ba6 20. Bxa6 Nxa6 21. Bd2
Rcc7 22. a3 Nb8 23. Bc3 Qc8 24. Ne5 Bxe5 25. dxe5 Na6 26. Bd4 Rc1+ 27. Rxc1
Qxc1+ 28. Kg2 Nc5 29. Rf3 Ne4 30. Rf1 Qc2+ 31. Kg1 Rc7 32. Qe1 Rc4 33. Qd1 Kf7
34. Qe1 Qb3 35. Qd1 Rc2 36. Qe1 a5 37. Qh4 Kg8 38. Qe1 Qc4 39. Kh1 Nd2 40. Rg1
Nf3 41. Qg3 Nxg1 42. Kxg1 Rc1+ 43. Kf2 Qf1# 0-1

[Event "4NCL/Div3/GUEM vs. GUI4"]
[Site "Daventry ENG"]
[Date "2010.03.28"]
[Round "7.6"]
[White "O'Connor, Jonathan T"]
[Black "Gunn, Michael J"]
[Result "0-1"]
[WhiteElo "1675"]
[BlackElo "1666"]
[PlyCount "96"]
[EventDate "2010.03.27"]
[SourceDate "2009.10.24"]

1. e4 e6 2. d4 d5 3. exd5 exd5 4. Nc3 c6 5. Bd3 Nf6 6. Bg5 Be7 7. Nf3 Nbd7 8.
O-O O-O 9. Qe2 Re8 10. Rfe1 h6 11. Bh4 Kf8 12. Ne5 Nxe5 13. dxe5 Ng4 14. Bxe7+
Qxe7 15. f4 Qc5+ 16. Kh1 Nf2+ 17. Kg1 Nxd3+ 18. Kf1 Nxe1 19. Rxe1 Qc4 20. Qxc4
dxc4 21. Ne4 Re7 22. Nd6 Be6 23. Kf2 Bd5 24. g4 Rd8 25. Nf5 Ree8 26. Nd6 Rxd6
27. exd6 Rxe1 28. Kxe1 Ke8 29. Kf2 Kd7 30. Ke3 Kxd6 31. Kd4 f6 32. h4 b5 33. c3
c5+ 34. Ke3 a5 35. Kd2 Bf3 36. g5 Kd5 37. Ke3 Bg4 38. gxh6 gxh6 39. Kf2 Ke4 40.
Kg3 h5 41. a3 f5 42. a4 b4 43. Kf2 Kxf4 44. Kg2 Ke3 45. Kg3 f4+ 46. Kh2 f3 47.
Kg1 Ke2 48. Kh2 f2 0-1

[Event "4NCL/Div3/GUI4 vs. HAL"]
[Site "Daventry ENG"]
[Date "2010.03.27"]
[Round "7.1"]
[White "Waldock, Adrian DP"]
[Black "Hope, Gary"]
[Result "1/2-1/2"]
[WhiteElo "1850"]
[BlackElo "1938"]
[PlyCount "54"]
[EventDate "2010.03.27"]
[SourceDate "2009.10.24"]

1. f4 d5 2. Nf3 c5 3. e3 Nc6 4. Bb5 a6 5. Bxc6+ bxc6 6. b3 Nf6 7. Bb2 g6 8. O-O
Bg7 9. Qe2 O-O 10. d3 Qb6 11. c4 Bg4 12. Nbd2 Rad8 13. Rab1 a5 14. Qf2 Bf5 15.
Ne5 a4 16. Qe2 axb3 17. axb3 Qc7 18. e4 dxe4 19. dxe4 Bc8 20. Rbd1 Nd7 21. Ndf3
Nxe5 22. Bxe5 Bxe5 23. Nxe5 Rxd1 24. Rxd1 f6 25. Nd3 Qb6 26. Nc1 Rd8 27. Rd3
Rd4 1/2-1/2

[Event "4NCL/Div3/GUI4 vs. HAL"]
[Site "Daventry ENG"]
[Date "2010.03.28"]
[Round "7.2"]
[White "Harford, Alun"]
[Black "Pugh, Glyn D"]
[Result "0-1"]
[WhiteElo "1746"]
[BlackElo "1978"]
[PlyCount "84"]
[EventDate "2010.03.27"]
[SourceDate "2009.10.24"]

1. e4 e6 2. d4 d5 3. Nc3 Bb4 4. e5 c5 5. a3 cxd4 6. axb4 dxc3 7. bxc3 Qc7 8. f4
Qxc3+ 9. Bd2 Qc7 10. Bd3 Ne7 11. Nf3 Bd7 12. Nd4 Ng6 13. Be3 Qc3+ 14. Kf2 Nxf4
15. Bb5 Ng6 16. Re1 O-O 17. Bxd7 Nxd7 18. Nb5 Qxe5 19. Kg1 a6 20. Bc5 Qg5 21.
Bxf8 Ndxf8 22. Ra3 Rd8 23. Rg3 Qe7 24. Nd4 Qxb4 25. Nf3 Nd7 26. Rf1 Nf6 27. Ne5
Qc5+ 28. Kh1 Ne4 29. Rxg6 hxg6 30. Qf3 Nf6 31. Qh3 Qc7 32. Nxg6 fxg6 33. Qxe6+
Qf7 34. Qb6 Qe7 35. h4 Rd6 36. Qb3 Qe4 37. Qxb7 Qxh4+ 38. Kg1 Qd4+ 39. Kh1 Re6
40. c3 Qe4 41. Rb1 Ng4 42. Qb8+ Re8 0-1

[Event "4NCL/Div3/GUI4 vs. HAL"]
[Site "Daventry ENG"]
[Date "2010.03.27"]
[Round "7.3"]
[White "Lee, Darren"]
[Black "Sathiraju, Vijay"]
[Result "1-0"]
[WhiteElo "1890"]
[BlackElo "1740"]
[PlyCount "59"]
[EventDate "2010.03.27"]
[SourceDate "2009.10.24"]

1. d4 Nf6 2. c4 c5 3. d5 b5 4. cxb5 a6 5. b6 g6 6. a4 a5 7. Nc3 d6 8. Nf3 Nbd7
9. e4 Ba6 10. Bxa6 Rxa6 11. Qe2 Qxb6 12. Nb5 Ra8 13. h3 Bg7 14. O-O O-O 15. Bd2
Rfc8 16. Bc3 c4 17. Bd4 Qb8 18. Rac1 Nc5 19. Bxc5 Rxc5 20. Rxc4 Rxc4 21. Qxc4
Nd7 22. b3 Bh6 23. Nfd4 Ne5 24. Qe2 Qb6 25. Kh1 Nd7 26. Nc6 Kf8 27. Qg4 Nf6 28.
Qf3 Nd7 29. Qg3 Nc5 30. Qh4 1-0

[Event "4NCL/Div3/GUI4 vs. HAL"]
[Site "Daventry ENG"]
[Date "2010.03.27"]
[Round "7.5"]
[White "Ward, Matthew J"]
[Black "Pitt, Chris W"]
[Result "1-0"]
[WhiteElo "1705"]
[BlackElo "1698"]
[PlyCount "91"]
[EventDate "2010.03.27"]
[SourceDate "2009.10.24"]

1. e4 e5 2. Nf3 Nc6 3. d4 exd4 4. Nxd4 Nf6 5. Nxc6 bxc6 6. Bd3 d5 7. exd5 cxd5
8. O-O Be7 9. Bf4 O-O 10. Nd2 Re8 11. c3 c6 12. Qc2 Bd6 13. Bxd6 Qxd6 14. Rae1
Bg4 15. Nb3 c5 16. Be2 Bxe2 17. Rxe2 Rxe2 18. Qxe2 Re8 19. Qb5 Rb8 20. Qe2 Re8
21. Qf3 Qa6 22. Nxc5 Qxa2 23. Nd3 Qc4 24. h3 a5 25. Ra1 a4 26. Qd1 Ra8 27. Nb4
a3 28. Rxa3 Rxa3 29. bxa3 Qxc3 30. Qc2 Qxc2 31. Nxc2 Nd7 32. Kf1 Nb6 33. Ke2
Kf8 34. Kd3 Ke7 35. Kd4 Kd6 36. Ne3 g6 37. Nd1 Na4 38. Nc3 Nc5 39. Nxd5 Nb3+
40. Kc3 Na5 41. Nf6 h6 42. Kb4 Nc6+ 43. Kc4 Ne5+ 44. Kd4 Nc6+ 45. Ke3 Ke5 46.
Ng4+ 1-0

[Event "4NCL/Div3/GUI4 vs. HAL"]
[Site "Daventry ENG"]
[Date "2010.03.28"]
[Round "7.6"]
[White "Driver, Nicholas"]
[Black "Asbury, Jon A"]
[Result "1-0"]
[WhiteElo "1722"]
[BlackElo "1786"]
[PlyCount "27"]
[EventDate "2010.03.27"]
[SourceDate "2009.10.24"]

1. e4 e6 2. d4 d5 3. exd5 exd5 4. c4 c6 5. Bd3 g6 6. Nc3 Bg7 7. Nge2 Nf6 8. O-O
O-O 9. Bg5 Be6 10. Nf4 Qd7 11. cxd5 Bxd5 12. Nfxd5 cxd5 13. Qf3 Nc6 14. Bxf6
1-0

[Event "4NCL/Div3/HAL vs. GUEM"]
[Site "Daventry ENG"]
[Date "2010.03.27"]
[Round "7.1"]
[White "Pugh, Glyn D"]
[Black "Thurlow, Kevin J"]
[Result "0-1"]
[WhiteElo "1978"]
[BlackElo "2069"]
[PlyCount "66"]
[EventDate "2010.03.27"]
[SourceDate "2009.10.24"]

1. e4 c5 2. Nc3 Nc6 3. g3 g6 4. Bg2 Bg7 5. d3 d6 6. f4 e6 7. Nf3 Nge7 8. O-O
O-O 9. Be3 Nd4 10. Qd2 d5 11. Ne1 Rb8 12. a4 Nxc2 13. Nxc2 d4 14. Bf2 dxc3 15.
bxc3 Qa5 16. Ra3 Rd8 17. Rb1 a6 18. Qe3 Nc6 19. e5 Qc7 20. Qe4 Bf8 21. Ra2 Na5
22. Qe2 Bd7 23. Ne3 Bc6 24. Bf1 Qd7 25. Ng4 Be7 26. c4 b6 27. Rab2 b5 28. axb5
axb5 29. cxb5 Rxb5 30. Qe1 Nb3 31. Ne3 Nd4 32. Bg2 Bxg2 33. Kxg2 Qb7+ 0-1